طرائق التلقيب في صبح الأعشى للقلقشندي : (رقم التسجيلة. 177506)

تفاصيل مارك
000 -LEADER
fixed length control field 03723namaa22004211i 4500
003 - CONTROL NUMBER IDENTIFIER
control field OSt
005 - أخر تعامل مع التسجيلة
control field 20260217142102.0
008 - FIXED-LENGTH DATA ELEMENTS--GENERAL INFORMATION
fixed length control field 250827s2024 ua a|||frm||| 000 0 eng d
040 ## - CATALOGING SOURCE
Original cataloguing agency EG-GICUC
Language of cataloging ara
Transcribing agency EG-GICUC
Modifying agency EG-GICUC
Description conventions rda
041 0# - LANGUAGE CODE
Language code of text/sound track or separate title ara
Language code of summary or abstract ara
-- eng
049 ## - Acquisition Source
Acquisition Source إيداع
082 04 - DEWEY DECIMAL CLASSIFICATION NUMBER
Classification number 401
092 ## - LOCALLY ASSIGNED DEWEY CALL NUMBER (OCLC)
Classification number 401
Edition number 21
097 ## - Degree
Degree مــــاجستير
099 ## - LOCAL FREE-TEXT CALL NUMBER (OCLC)
Local Call Number Cai01.06.05.M.Sc.2024.هب.ط
100 0# - MAIN ENTRY--PERSONAL NAME
Authority record control number or standard number ،هبة سيد سالم متولي محمد
Preparation إعداد.
245 10 - TITLE STATEMENT
Title طرائق التلقيب في صبح الأعشى للقلقشندي :
Remainder of title دراسة تداولية /
Statement of responsibility, etc. إعداد هبة سيد سالم متولي محمد؛ إشراف أ.د.صفوت علي صالح، أ.د.يوسف عبد الفتاح.
246 15 - VARYING FORM OF TITLE
Title proper/short title Methods of titling in subh al-asha by al-qalqashandi :
Remainder of title A pragmatic study /
264 #0 - PRODUCTION, PUBLICATION, DISTRIBUTION, MANUFACTURE, AND COPYRIGHT NOTICE
Date of production, publication, distribution, manufacture, or copyright notice 2024.
300 ## - PHYSICAL DESCRIPTION
Extent 338 ورقة :
Other physical details إيضاحيات ؛
Dimensions 30 سم. +
Accompanying material CD.
336 ## - CONTENT TYPE
Content type term text
Source rda content
337 ## - MEDIA TYPE
Media type term Unmediated
Source rdamedia
338 ## - CARRIER TYPE
Carrier type term volume
Source rdacarrier
502 ## - DISSERTATION NOTE
Dissertation note أطروحة (ماجستير)-جامعة القاهرة، 2024.
504 ## - BIBLIOGRAPHY, ETC. NOTE
Bibliography, etc. note ببليوجرافيا: صفحات 331-335.
520 ## - SUMMARY, ETC.
Summary, etc. هذه دراسة في استقصاء منظومة الألقاب، التي أوردها القلقشندي في صبح الأعشى من خلال حقولها الدلالية وبيان خصائصها التركيبية والدلالية بتحليل أصولها وبنيتها الاشتقاقية والتركيبية، وملامحها التكوينية. ثم تحليل التوظيف التداولي لطرائق التلقيب في ضوء الأصل التاسع من أصول المكاتبات في صبح الأعشى والسياق الاجتماعي للمكاتبات، وطرائق تمثيل الفاعل الاجتماعي في علم اللغة الحديث؛ بغرض التحقق من الفرضية التي تميل إلى "أن الموروث اللغوي القديم، قد راعى الأبعاد التداولية. على مستوى الاستعمال (في إنشاء اللغة)، وعلى مستوى التنظير لها".
520 ## - SUMMARY, ETC.
Summary, etc. This study delves into the examination of the titling system presented by Al-Qalqashandi in "Subh al-Asha" through its semantic fields and an exposition of its structural and semantic characteristics by analyzing its etymological and structural origins and features. Furthermore, it investigates the pragmatic application of titling methods in light of the ninth principle of correspondences in "Subh al-Asha" and the social context of the correspondences, as well as the ways of representing the social actor in modern linguistics. This analysis aims to verify the hypothesis that the ancient linguistic heritage has considered pragmatic dimensions at both the level of usage (in language creation) and the level of its theoretical framework.
530 ## - ADDITIONAL PHYSICAL FORM AVAILABLE NOTE
Issues CD صدر أيضًا كقرص مدمج.
546 ## - LANGUAGE NOTE
Text Language النص بالعربية والملخص باللغة الإنجليزية والعربية.
650 #7 - SUBJECT ADDED ENTRY--TOPICAL TERM
Topical term or geographic name entry element اللغة، علم
Source of heading or term qrmak
653 #0 - INDEX TERM--UNCONTROLLED
Uncontrolled term القلقشندي
-- صبح الأعشى
-- طرائق التلقيب
700 0# - ADDED ENTRY--PERSONAL NAME
Personal name صفوت علي صالح
Relator term مشرف أطروحة.
700 0# - ADDED ENTRY--PERSONAL NAME
Personal name يوسف عبد الفتاح
Relator term مشرف أطروحة.
900 ## - Thesis Information
Grant date 11-06-2024
Supervisory body صفوت علي صالح
-- يوسف عبد الفتاح
Discussion body حَمْدِي النُّوْرَج
-- مُحَمَّد يُونُس
Universities جامعة القاهرة
Faculties كلية دار العلوم
Department قسم علم اللغة والدراسات السامية والشرقية
905 ## - Cataloger and Reviser Names
Cataloger Name Sara Salah
Reviser Names Afaf
942 ## - ADDED ENTRY ELEMENTS (KOHA)
Source of classification or shelving scheme Dewey Decimal Classification
Koha item type Thesis
Edition 21
Suppress in OPAC No
المقتنيات
Source of classification or shelving scheme Home library Current library Date acquired Inventory number Full call number Barcode Date last seen Effective from Koha item type
Dewey Decimal Classification المكتبة المركزبة الجديدة - جامعة القاهرة قاعة الرسائل الجامعية - الدور الاول 08.01.2026 32861 Cai01.06.05.M.Sc.2024.هب.ط 01010100032861000 08.01.2026 08.01.2026 Thesis
Cairo University Libraries Portal Implemented & Customized by: Eng. M. Mohamady Contacts: new-lib@cl.cu.edu.eg | cnul@cl.cu.edu.eg
CUCL logo CNUL logo
© All rights reserved — Cairo University Libraries
CUCL logo
Implemented & Customized by: Eng. M. Mohamady Contact: new-lib@cl.cu.edu.eg © All rights reserved — New Central Library
CNUL logo
Implemented & Customized by: Eng. M. Mohamady Contact: cnul@cl.cu.edu.eg © All rights reserved — Cairo National University Library